000 00324nam a22001337a 4500
008 170619b xxu||||| |||| 00| 0 eng d
020 _a9781933116624
041 _aeng
080 _a32
100 _a20
101 _aSHP
245 _aAMERICAN FOREIGN POLICY A FRAMEWORK FOR ANALYSIS
_cCHITTICK.W.O
942 _2udc
_cBK
999 _c18047
_d18047